<?xml version="1.0" encoding="UTF-8"?>
<marc:record xmlns:marc="http://www.loc.gov/MARC21/slim">
   <marc:leader>00000nam a2200000 a 4500</marc:leader>
   <marc:datafield ind1="1" ind2=" " tag="100">
      <marc:subfield code="a">Ondracek, Claudia</marc:subfield>
      <marc:subfield code="4">aut</marc:subfield>
      <marc:subfield code="e">Verfasser/-in</marc:subfield>
   </marc:datafield>
   <marc:datafield ind1="1" ind2=" " tag="100">
      <marc:subfield code="a">Leopé</marc:subfield>
   </marc:datafield>
   <marc:datafield ind1="1" ind2=" " tag="100">
      <marc:subfield code="a">Reckers, Sandra</marc:subfield>
   </marc:datafield>
   <marc:datafield ind1=" " ind2=" " tag="653">
      <marc:subfield code="a">Erstlesealter, Vorschulalter</marc:subfield>
   </marc:datafield>
   <marc:datafield ind1=" " ind2=" " tag="653">
      <marc:subfield code="a">Fußball</marc:subfield>
   </marc:datafield>
   <marc:datafield ind1="0" ind2="0" tag="245">
      <marc:subfield code="a">Erstlesegeschichten: Fußball</marc:subfield>
   </marc:datafield>
   <marc:datafield ind1="0" ind2="0" tag="245">
      <marc:subfield code="c">Ondracek, Claudia</marc:subfield>
   </marc:datafield>
   <marc:datafield ind1=" " ind2="1" tag="264">
      <marc:subfield code="a">Ravensburg</marc:subfield>
      <marc:subfield code="b">Ravensburger Verlag GmbH</marc:subfield>
      <marc:subfield code="c">2024</marc:subfield>
   </marc:datafield>
   <marc:datafield ind1="1" ind2=" " tag="490">
      <marc:subfield code="a">HC - Leserabe - Sonderausgabe</marc:subfield>
   </marc:datafield>
   <marc:datafield ind1="1" ind2=" " tag="520">
      <marc:subfield code="a">Lesen lernen wie im Flug!&#xD;
&#xD;
Ein kleines Buch mit großen Abenteuern: Fußball-Fans und Bolzplatz-Kicker können hier in viele spannende Geschichten eintauchen. Cooles Lesefutter für unterwegs. &#xD;
Die Bolzplatz-Bande fordert die Vereinsmannschaft heraus. Die Freunde wollen unbedingt gewinnen, doch die Gegner sind stärker als erwartet. Nur wenige Tage später steht das nächste Problem ins Haus: Der Bolzplatz soll einem Einkaufszentrum weichen! Doch die Freunde wissen schon, wie sie das verhindern können. &#xD;
&#xD;
Lesen lernen wie im Flug! Die Kinderbücher der Reihe Leserabe – 1. Lesestufe wurden mit Pädagogen entwickelt und richten sich an Leseanfänger und Erstleserinnen ab der 1. Klasse. Kurze Texte in großer Fibelschrift sichern erste Leseerfolge und steigern die Lesekompetenz von Mädchen und Jungen ab 6 Jahren. Dieser Sammelband enthält die zwei Leseraben-Bücher „Die Bolzplatz-Bande“ und „Die Bolzplatz-Bande lässt nicht locker“. &#xD;
Empfohlen von Stiftung Lesen, gelistet bei Antolin.</marc:subfield>
   </marc:datafield>
   <marc:datafield ind1=" " ind2=" " tag="020">
      <marc:subfield code="a">9783473463541</marc:subfield>
      <marc:subfield code="9">9783473463541</marc:subfield>
   </marc:datafield>
   <marc:datafield ind1=" " ind2=" " tag="020">
      <marc:subfield code="a">347346354X</marc:subfield>
      <marc:subfield code="9">347346354X</marc:subfield>
   </marc:datafield>
   <marc:datafield ind1=" " ind2=" " tag="041">
      <marc:subfield code="a">ger</marc:subfield>
   </marc:datafield>
   <marc:datafield ind1=" " ind2=" " tag="300">
      <marc:subfield code="b">Farbig illustriert</marc:subfield>
   </marc:datafield>
   <marc:datafield ind1="1" ind2=" " tag="521">
      <marc:subfield code="a">Kind</marc:subfield>
   </marc:datafield>
   <marc:datafield ind1=" " ind2=" " tag="338">
      <marc:subfield code="a">Band</marc:subfield>
   </marc:datafield>
   <marc:datafield ind1=" " ind2=" " tag="300">
      <marc:subfield code="a">87 Seiten</marc:subfield>
   </marc:datafield>
</marc:record>
